Daňovníctvo daňová teória a politika I : zbierka riešených a neriešených príkladov

Na minha lista:
Detalhes bibliográficos
Autor principal: Kušnírová, Jana, 1977-
Outros Autores: Válek, Juraj, 1981-, Rabatinová, Marcela, 1977-, Ciran, Tomáš
Formato: Livro
Idioma:eslovaco
Publicado em: Bratislava Wolters Kluwer 2015
Edição:2. dopl. a preprac. vyd.
Colecção:Ekonómia
Assuntos:
Tags: Adicionar Tag
Sem tags, seja o primeiro a adicionar uma tag!

MARC

LEADER 00000nam a2200000 4500
001 0206307
005 20240502073430.5
020 |a 978-80-8168-195-0 
041 0 |a slo 
044 |a SK 
245 1 0 |a Daňovníctvo  |b daňová teória a politika I : zbierka riešených a neriešených príkladov  |c Jana Kušnírová, Juraj Válek ; recenzovali: Marcela Rabatinová, Tomáš Ciran 
250 |a 2. dopl. a preprac. vyd. 
264 1 |a Bratislava  |b Wolters Kluwer  |c 2015 
300 |a 176 s. [7,94 AH] 
490 1 |a Ekonómia 
830 0 |a Ekonómia 
610 2 0 |a politika daňová 
610 2 0 |a dane priame 
610 2 0 |a dane z príjmov 
610 2 0 |a dane majetkové 
610 2 0 |a dane z pozemkov 
610 2 0 |a dane z nehnuteľností 
610 2 0 |a dane z bytov 
610 2 0 |a dane z vozidiel motorových 
610 2 0 |a dane nepriame 
610 2 0 |a dane z hodnoty pridanej 
610 2 0 |a dane spotrebné 
100 1 |a Kušnírová, Jana, 1977- 
700 1 |a Válek, Juraj, 1981- 
700 1 |a Rabatinová, Marcela, 1977- 
700 1 |a Ciran, Tomáš